| 000 | 00479nam a22001577a 4500 | ||
|---|---|---|---|
| 008 | 230519b |||||||| |||| 00| 0 eng d | ||
| 020 | _a978-99936-622-3-5 | ||
| 082 | _a954.98 | ||
| 100 | _aThe National Museum of Bhutan | ||
| 245 |
_a Brief Introduction to the Tangible and Intangible Culture, _bThe proceedings of the second colloquium |
||
| 250 | _a3rd edition | ||
| 260 | _c2016 | ||
| 300 |
_a80 p. _c23 cm |
||
| 942 | _2ddc | ||
| 999 |
_c9570 _d9571 |
||